| 000 | 01504nam a22003017a 4500 | ||
|---|---|---|---|
| 005 | 20080812064935.0 | ||
| 008 | 080818t xxu||||| |||| 00| 0 eng d | ||
| 010 | _aENG-90741 B-430970 | ||
| 020 |
_a9780195695854 _c650.00 |
||
| 020 | _a0195695852 | ||
| 035 | _aEN-74274 B-430970 | ||
| 037 | _bDBAD / PUB | ||
| 037 | _bAllied Pub/Ven | ||
| 040 | _aDPL | ||
| 082 | _a333.7 | ||
| 245 |
_aContested grounds : _bessays on nature, culture, and power / _cedited by Amita Baviskar. |
||
| 260 |
_aNew Delhi : _bOxford University Press, _c2008. |
||
| 300 |
_avi, 259 p. ; _c23 cm.(Hb) |
||
| 500 | _aIncludes bibliographical references and index. | ||
| 520 | _aContributed articles presented earlier at a conference held at Kathmandu in 2003; later serialized in the Economic and political weekly on political aspects of natural resources. | ||
| 650 |
_aNatural resources. _928878 |
||
| 700 |
_aBaviskar, Amita, _928879 |
||
| 942 |
_2ddc _cEN _mCON _h333.7 |
||
| 999 |
_c14890 _d14890 |
||